Leap frogging to Pole -vaulting (Record no. 521175)

000 -LEADER
fixed length control field 00572nam a22001697a 4500
020 ## - INTERNATIONAL STANDARD BOOK NUMBER
International Standard Book Number 9780670089956
082 ## - DEWEY DECIMAL CLASSIFICATION NUMBER
Classification number O91x54 M377l
100 ## - MAIN ENTRY--PERSONAL NAME
Personal name Mashelkar, Raghunath
9 (RLIN) 34616
245 ## - TITLE STATEMENT
Title Leap frogging to Pole -vaulting
Statement of responsibility, etc by Raghunath Mashelkar and Ravi Pandit
260 ## - PUBLICATION, DISTRIBUTION, ETC. (IMPRINT)
Place of publication, distribution, etc Gurugram
Name of publisher, distributor, etc Penguin
Date of publication, distribution, etc 2018
300 ## - PHYSICAL DESCRIPTION
Extent 346p.
650 ## - SUBJECT ADDED ENTRY--TOPICAL TERM
Topical term or geographic name as entry element Power resources - Economic aspects
9 (RLIN) 34617
650 ## - SUBJECT ADDED ENTRY--TOPICAL TERM
Topical term or geographic name as entry element Power resources - Economic aspects - India
9 (RLIN) 34618
650 ## - SUBJECT ADDED ENTRY--TOPICAL TERM
Topical term or geographic name as entry element Sustainable development
9 (RLIN) 34619
650 ## - SUBJECT ADDED ENTRY--TOPICAL TERM
Topical term or geographic name as entry element Sustainable development - India
9 (RLIN) 34620
700 ## - ADDED ENTRY--PERSONAL NAME
Personal name Pandit, ravi
9 (RLIN) 34621
Holdings
Withdrawn status Lost status Source of classification or shelving scheme Damaged status Koha normalized classification for sorting Not for loan Permanent location Current location Shelving location Date acquired Full call number Barcode Date last seen Price effective from Koha item type
        O_91X54_M377L   Indian Institute of Public Administration Indian Institute of Public Administration On Display 2022-12-26 O91x54 M377l 88817 2022-12-26 2022-12-26 GR

Powered by Koha